Statistiques concernant Culture Générale - Série 1590

Cliquez ici pour prendre le quiz!

Statistiques générales

  • Ce quiz a été pris 163 fois
  • Le résultat moyen est 6 sur 10

Statistiques - réponses

QuestionRéponse% Correct
Combien de branches possède l'étoile de David ?6
99%
Quel instrument à cordes a rendu célèbre le compositeur de jazz Georges Benson ?guitare
73%
En France, quel homme politique a été Premier ministre de 1974 à 1976 ?Jacques Chirac
73%
En 1977, dans quel tube d'Alain Souchon entend-on : "Maman comment tu m'as fait, j'suis pas beau" ?Allô maman bobo
71%
Quel phénomène naturel appelle-t-on familièrement le "zef" ?vent
68%
De quel pays le zloty est-il la monnaie nationale ?Pologne
63%
En 1990, qui écrit les paroles de la chanson "Tandem", pour Vanessa Paradis ?Serge Gainsbourg
56%
Quel style de fauteuils, apparu sous la Restauration, emprunte son nom à un célèbre philosophe ?voltaire
56%
A quel écrivain américain doit-on les contes effrayants : "Le Puits et le Pendule" et "L'Enterrement prématuré" ?Edgar Allan Poe
35%
Quelle actrice interprète le rôle de Vénus dans le film "Cartouche", aux côtés de Jean-Paul Belmondo, en 1962 ?Claudia Cardinale
32%

Distribution des résultats

Percentile par nombre de réponses

% des personnes avec chaque résultat

Votre développement - résultats

Vous n’avez pas pris ce quiz